Tìm hiểu tình hình gia tăng dân số, ảnh hưởng của nó đến hoạt động kinh tế - xã hội và việc thực hiện chính sách dân số của huyện Thanh Chương, tỉnh Nghệ An

Cơ sở lí luận chung. Tình hình GTDS và ảnh hưởng của nó đến hoạt động KT - XH huyện Thanh Chương. Việc thực hiện chính sách dân số và các biện pháp phát triển dân số huyện Thanh Chương

Сохранить в:
Библиографические подробности
Главный автор: Nguyễn, Thị Khuyên
Другие авторы: Trương, Phước minh T.S (Hướng dẫn)
Формат:
Язык:Vietnamese
Опубликовано: Đại học Đà Nẵng Trường đại học Sư Phạm 2010
Серии:Khóa luận tốt nghiệp Đại học. Chuyên ngành: Sư phạm địa lí
Предметы:
Метки: Добавить метку
Нет меток, Требуется 1-ая метка записи!
Thư viện lưu trữ: Mạng thư viện Đại học Đà Nẵng
LEADER 01462nam a2200325 4500
001 000011132
003 7363
005 20120202090216.0
008 120202s2010 viesd
041 |a vie 
072 |a Khóa luận tốt nghiệp 
082 |a 304.6  |b NG-K 
100 |a Nguyễn, Thị Khuyên 
245 |a Tìm hiểu tình hình gia tăng dân số, ảnh hưởng của nó đến hoạt động kinh tế - xã hội và việc thực hiện chính sách dân số của huyện Thanh Chương, tỉnh Nghệ An  |c Nguyễn, Thị Khuyên 
260 |a Đại học Đà Nẵng  |b Trường đại học Sư Phạm  |c 2010 
300 |a 67 tr.  |b Bản đồ+ ảnh mhọa  |c 29 cm 
490 |a Khóa luận tốt nghiệp Đại học. Chuyên ngành: Sư phạm địa lí 
500 |a Tham khảo tr.67 
520 |a Cơ sở lí luận chung. Tình hình GTDS và ảnh hưởng của nó đến hoạt động KT - XH huyện Thanh Chương. Việc thực hiện chính sách dân số và các biện pháp phát triển dân số huyện Thanh Chương 
653 |a Khóa luận tốt nghiệp đại học 
653 |a Khoa Địa lí 
700 |a Trương, Phước minh  |c T.S  |e Hướng dẫn 
OWN |a LSP 
999 |a From the UDN01 
TYP |a Monograph 
TYP |a Printed language 
980 |a Mạng thư viện Đại học Đà Nẵng